000 01105nam a22003377a 4500
001 BR0003649
003 BR-BrBNA
005 20230928100736.0
007 ta
008 230509b bl.||||| |||| 00| 0 por d
040 _aBR-BrBNA
_bpor
_cBiblioteca Nacional de Agricultura
041 _a(Por)
072 _aL51
_b5214
_b0336
_b8956
090 _ 5214 BR0003649
100 1 _aImaizumi, H.
110 1 _aEscola Superior de Agricultura Luiz de Queiroz, Piracicaba, SP (Brasil)
_0Tese (Mestre em Agronomia)
245 1 _aAvaliacao de diferentes fontes e teores de proteina degradavel no rumen sobre o desempenho e parametros ruminais e sanguineos de vacas Holandesas em final de lactacao
260 3 _aPiracicaba, SP (Brasil):
_c2000.
300 _a69 p.
500 _aSummaries (Eng, Por); Bibliography p. 61-69; 17 tables; 12 illus.
650 _aVaca Leiteira
650 _aSoja
650 _aFarelo
650 _aDigestibilidade
650 _aRumen
650 _aLactacao
650 _aProteina Microbiana
650 _aUreia
909 _a202309
_bLucia
_c55
_dLucia Elande
942 _cBK
999 _c62589
_d62589